00887nam a2200229Ii 45000010005000000030009000050080041000140400033000550410008000880820016000961000033001122450037001452640038001823000012002203360026002323370028002583380027002869400050003139990017003639520142003809520135005224249CO-ViMGA241108s9999||||xx |||||||||||||| ||und|| aCO-ViMGAbspaerdacCO-ViMGA0 aspa04a515.33 H8671 aBernardo Hoyos Varela94521810aCálculo Diferencial e Integral 1aBogotá, Colombia : Bedout, 1973 avolumen atextbtxt2rdacontent aunmediatedbn2rdamedia avolumebnc2rdacarrier aidficha_siabuc: 4155. -- ficha_no_siabuc:4249 c39718d39718 001040708001aMEVIGERRbMEVIGERRcGENd2006-11-27hVol.1o515.33 H867pECA3081r2024-11-25 15:06:58tEj.1w2024-11-25yBKz4155 | 6117 001040708001aMEVIGERRbMEVIGERRcGENd2006-11-27o515.33 H867pECA3080r2024-11-25 15:06:58tEj.1w2024-11-25yBKz4155 | 6116